000 00573nam a2200229Ia 4500
003 OSt
005 20220924141937.0
006 a|||||r|||| 00| 0
007 ta
008 220923b |||||||| |||| 00| 0 ben d
024 _a299848
037 _cTextual
040 _aARTS
_cARTS
_bben
041 _2ben
_aben
082 _aQ2wM61, 157K11
100 _aSharma Dev
_9210231
245 0 _aBrahama bandhav upadhyay
260 _c1961
650 _aBENGALI LITERATURE
942 _hQ2wM61, 157K11
_cTEXL
_2CC
999 _c448759
_d448759